000 00731nam a2200205 i 4500
001 139686
003 ES-MaACL
005 20230906195856.0
007 t|
008 070214s1971 sp r ||||1| spa d
100 1 _aSawin, Clark T.
_9104091
245 1 4 _aLos hormonas
_b: fisiología endocrina /
_cClark T. Sawin ; prólogo de E. B. Astwood ; versión revisada por José María Tresánchez ; ilustraciones de Barry T. O'neil.
260 _aBarcelona :
_bSalvat,
_c1971.
300 _aXVI, 309 p. :
_bil. ;
_c25 cm.
650 4 _aEndocrinología.
_9144424
700 1 _aAstwood, Edwin B.
_923704
700 1 _aTresánchez, José María.
_9111324
700 1 _aO'neil, Barry T.
_986348
852 _aES-MaACL
_jC-42305
_bR.78371
999 _c139686
_d139686